Quizzes
Events
Quiz Creation
Community
Videos
Private Events
Remove Ads
Sign In
Join for FREE
Feedback
Dark Mode
Quiz Categories
Sports
Geography
Music
Movies
Television
Just For Fun
Miscellaneous
History
Literature
Language
Science
Gaming
Entertainment
Religion
Holiday
For Kids
Quiz Lab
Recent
Popular Today
Quiz Kudos Today
Editor Picks
Curator Picks
Quizzes by...
Day
Popularity
Type
Ratings
Length
Year
Community
Subscriptions
Recent Discussions
Orange Saloon
Badges
Playlists
Quests
Create
Leaderboards
Showdown
Live 5
Trivia Bingo
Activity
Puzzle Library
Sporcle Events
Private Events
Virtual Trivia
Globe League
Become a Host
Pub Owners
SporcleCon
Opinionation
Our Games
Videos
Blog
Mobile Apps
Partnerships
Remove Ads and Go Orange
Feedback
Sports
Athletes
MLB
NBA
NHL
NFL
Soccer
Sports Teams
WWE
NCAA
Football
Premier League
Basketball
Baseball
Hockey
Golf
Tennis
Cricket
Rugby
Auto Racing
Olympics
World Cup
Sports
Athletes
MLB
NBA
NHL
NFL
Soccer
Sports Teams
WWE
NCAA
Football
Premier League
Basketball
Baseball
Hockey
Golf
Tennis
Cricket
Rugby
Auto Racing
Olympics
World Cup
Random Quiz
Search Sporcle
×
Quiz Lab
Quiz Lab
Sports
1989
Type in answers that appear in a list
Type in answers that appear in a list
Classic
Best Score? Go Orange.
PGA Tour Wins 80-89 Stats
Can you name the players who won more than two tour events from 1980 to 1989??
By
Ben
8m
90 Questions
662 Plays
662 Plays
662 Plays
Comments
Comments
Give Quiz Kudos
Give Quiz Kudos
-
- Ratings
hide this ad
Replay
Link that replays current quiz
Next Quiz
Link to next quiz in quiz playlist
You Got
0%
They Got
Avg Score
63%
Avg Friend Score
Upgrade to see
Score Distribution
Jump to the score distribution portion of the page
Score
0/90
Timer
08:00
0
Plays Today
Wins
Player
% Correct
5
Jack Nicklaus
97.6%
19
Tom Watson
97.1%
3
Denis Watson
97%
8
Greg Norman
93.5%
11
Tom Kite
90.6%
3
Nick Faldo
89.4%
7
Seve Ballesteros
89%
8
Fuzzy Zoeller
87.2%
16
Curtis Strange
86.9%
6
Hale Irwin
86.3%
3
Fred Couples
85.6%
5
Lee Trevino
84.4%
5
Payne Stewart
84.1%
7
Ben Crenshaw
83.5%
8
Craig Stadler
83.4%
10
Raymond Floyd
82.5%
6
Johnny Miller
81.1%
2
Bernhard Langer
80.5%
11
Lanny Wadkins
79%
4
Mark O'Meara
78.5%
7
Corey Pavin
78.2%
5
Paul Azinger
78.2%
3
Hubert Green
77.9%
5
Ken Green
77.9%
7
Hal Sutton
76.9%
2
Larry Mize
76.6%
8
Larry Nelson
74.9%
11
Calvin Peete
74.6%
3
Jerry Pate
74.5%
3
Steve Pate
74.5%
Wins
Player
% Correct
4
Steve Jones
73.7%
6
Mark Calcavecchia
72.2%
5
Scott Simpson
71.9%
3
Tim Simpson
71.9%
4
Scott Hoch
70.5%
6
Sandy Lyle
69.3%
5
Bob Tway
68.4%
3
John Cook
66.5%
4
David Graham
65.1%
2
Tom Weiskopf
64.5%
2
Dan Pohl
63.6%
6
Andy Bean
63.4%
6
Jay Haas
62.8%
5
Bill Rogers
62.2%
2
Gil Morgan
61.3%
7
Bruce Lietzke
60%
6
Mark McCumber
59.1%
3
Peter Jacobsen
58.2%
6
Wayne Levi
58%
6
John Mahaffey
57.7%
2
Chip Beck
56%
2
Scott Verplank
56%
4
Gary Koch
55.7%
3
Jim Thorpe
55.4%
2
Roger Maltbie
55.4%
2
Ronnie Black
54.2%
2
Mike Reid
53.2%
3
David Frost
52.4%
2
Jodie Mudd
52%
4
Danny Edwards
51.4%
Wins
Player
% Correct
2
David Edwards
51.4%
5
Bob Gilder
51.2%
2
Don Pooley
51.2%
2
J. C. Snead
51.1%
4
Bill Glasson
50.3%
5
Joey Sindelar
50.3%
2
Tom Purtzer
50.2%
2
Mac O'Grady
49.8%
3
Jim Colbert
49.2%
2
Phil Blackmar
48.6%
4
Doug Tewell
46.1%
2
Jack Renner
44.9%
2
Mark Wiebe
44.9%
2
Ed Fiori
44%
2
Gary Hallberg
44%
2
Billy Kratzert
43.8%
2
Dan Forsman
43.2%
2
Dave Eichelberger
43.1%
3
Blaine McCallister
42.9%
3
Morris Hatalsky
42.6%
3
Bob Eastwood
41.5%
3
George Burns
41.5%
2
Keith Clearwater
41.5%
2
Mike Hulbert
41.5%
3
Keith Fergus
40.8%
2
Dave Barr
40.6%
2
Donnie Hammond
40.3%
2
Kenny Knox
40%
2
Mike Sullivan
39.3%
2
Gene Sauers
39%
Quiz Playlist
Details
Report
Send in Message
Add To Playlist
Classic:
Type in answers that appear in a list
Quiz Source
Last Updated: Feb 16, 2017
Quiz Scoreboard
CHALLENGE
Sign Up to Join the Scoreboard
Show All
Scores
Hide
Comments
May contain spoilers
Recently Published
9x9 Crossword: Cartoon Network
by jackfrog10
Miscellaneous
3m
College Basketball Coaching Resumes
by pancakes188
Sports
9m
Billboard Blitz: Fleetwood Mac
by CooCooCachoo
Music
15s
More to Explore
Quiz From the Vault
Featured Blog Post
Where Did the Easter Bunny Come From?
hide this ad
You Might Also Like...
Tags
1980
1980s
1989
Event
PGA
Player
tour
Win
Won
Today's Top Quizzes in Sports
Browse Sports
hide this ad
Today's Top Quizzes in 1989
Browse 1989
Top Contributed Quizzes in Sports
1
2022 World Cup Stars
2
Les meilleurs buteurs des matchs entre le PSG et l’OM
3
FIFA Club World Cup Champions
4
Les entraîneurs de l'OM et du PSG au 21e siècle
5
Criteria MLB: Left Handed Sluggers
6
AFC Teams Reveal (Wrong Answers Minefield)
7
2023 MLB Unique Player Accomplishments
8
5-to-1: FBS Animal Nicknames
9
Players with Multiple 50 Home Run Seasons
10
5-to-1: UK Sports Teams
Explore More
Trending Topics
Kpop
NBA
Disney
Anime
Crossword
Harry Potter
Marvel
Puzzle
Soccer
The Office
Song
Country
NFL
Pokémon
WWE
hide this ad
More By:
Ben
Quiz
Plays
Rating
Category
Featured
Created
Disney Songs
2,283,169
4.12
Movies
Jan 30, 2009
NCAA Helmets
1,114,963
4.54
Sports
Oct 16, 2009
NBA Finals MVPs
920,585
4.69
Sports
Nov 28, 2008
4-Letter Countries
878,964
4.70
Geography
Feb 19, 2009
Candy Slogans
861,499
3.93
Entertainment
May 15, 2009
Go to Creator's Profile
Score Distribution
Quiz Creator Spotlight
Ben
Follow
Send a Message
Quizzes Created
-
Created Quiz Play Count
-
More By This Creator
Popular Quizzes Today
1
Find the US States - No Outlines Minefield
2
Find the Countries of Europe - No Outlines Minefield
3
The Countries of the World
4
Find the US States
5
Risky Map Clicking: Biggest States A-Z
6
US States
7
Popular People in 1961
8
Movies - When Are They Set?
More Sports Quizzes
Arsenal 2018-19 Europa League Starting XIs
Quiz Lab
Trending Quizzes
Risky Map Clicking: Least Populous States A-Z
1-10 Letter G Words
Risky Map Clicking: Next State Alphabetically
Adjectives in 80s TV Shows
Risky Map Clicking: Biggest States A-Z
Recently Updated
Leaping Animals
pecheneg
Reality TV Shows (A-Z)
bhenderson79
Rickey Henderson's Hall of Fame Teammates
pecheneg
Champions League XIs: Arsenal
pecheneg
Quick Pick: Celebrities in WWE's Hall of Fame
aduchscher
A-Z Keypad Blitz II
pecheneg
Multiple Oscar Actors
pecheneg
Mystery Phrase Blitz: Oscar 'Best Actors'
pecheneg
F. Scott Fitzgerald Novels
LTH
Pick 3 Villains
ddd62291
Trending Topics
Anime
Disney
Crossword
NBA
Kpop
Harry Potter
Marvel
Soccer
NFL
The Office
WWE
Puzzle
Song
Pokémon
Country
Your Account Isn't Verified!
In order to create a playlist on Sporcle, you need to verify the email address you used during registration. Go to your
Sporcle Settings
to finish the process.
Report this User
Report this user for behavior that violates our
Community Guidelines
.
Details:
Send Report
Go to the Sporcle.com Mobile Site →
Comments